000 00612nam a22002177a 4500
003 UA-OsUOA
001 131386
007 ta
008 20180604b un ||||| |||| 00| 0 ukr d
100 _aРудницький Л.
090 _a82
_bР83
942 _cSA
040 _aUA-OsUOA
_bukr
_cUA-OsUOA
_dUA-OsUOA
245 _aОлесь Гончар: Людина і її Місія (переклад з англ. Лесі Гончар)
300 _aС.35-39
955 _a0
041 _aukr
080 _a82
773 0 _w131385
650 7 _a82 Література. Літературознавство
_2UDC
999 _c420077
_d420077